Regions of Rojava on a Map - Statistics

General Stats
  • This quiz has been taken 32 times
  • The average score is 3 of 7
Answers on the Map
Answers color-coded by a green-red scale on the quiz's map according to % correct below.
 
Answer Stats
Region % Correct
Raqqa
95%
Deir ez-Zor
55%
Afrin
35%
Euphrates
35%
Manbij
35%
Jazira
25%
Tabqa
25%
No matching quizzes found
Score Distribution
Percent of People with Each Score
Percentile by Number Answered
Your Score History
You have not taken this quiz